[Event "Tata Steel Masters"]
[Date "2026.01.19"]
[White "Abdusattorov, Nodirbek"]
[Black "Nguyen, Thai Dai Van"]
[WhiteElo "2751"]
[BlackElo "2656"]
[Round "4.4.3"]
[Result "1-0"]

e4 {[%clk 01:59:28] [%emt 00:00:31]} e5 {[%clk 01:59:45] [%emt 00:00:15]} Nf3
{[%clk 01:59:20] [%emt 00:00:07]} Nf6 {[%clk 01:59:29] [%emt 00:00:16]} Nxe5
{[%clk 01:58:38] [%emt 00:00:43]} d6 {[%clk 01:59:20] [%emt 00:00:09]} Nf3
{[%clk 01:58:31] [%emt 00:00:07]} Nxe4 {[%clk 01:59:10] [%emt 00:00:10]} d4
{[%clk 01:58:18] [%emt 00:00:13]} d5 {[%clk 01:58:59] [%emt 00:00:12]} Bd3
{[%clk 01:58:10] [%emt 00:00:07]} Be7 {[%clk 01:58:20] [%emt 00:00:39]} O-O
{[%clk 01:57:41] [%emt 00:00:29]} O-O {[%clk 01:58:12] [%emt 00:00:08]} Re1
{[%clk 01:53:12] [%emt 00:04:28]} Nc6 {[%clk 01:56:29] [%emt 00:01:43]} c4
{[%clk 01:45:46] [%emt 00:07:26]} Nf6 {[%clk 01:56:23] [%emt 00:00:06]} c5
{[%clk 01:37:41] [%emt 00:08:05]} Bg4 {[%clk 01:42:39] [%emt 00:13:44]} Be3
{[%clk 01:35:09] [%emt 00:02:32]} Ne4 {[%clk 01:40:17] [%emt 00:02:22]} Be2
{[%clk 01:24:29] [%emt 00:10:41]} Bf6 {[%clk 01:12:23] [%emt 00:27:54]} h3
{[%clk 01:18:46] [%emt 00:05:42]} Bxf3 {[%clk 01:01:15] [%emt 00:11:08]} Bxf3
{[%clk 01:18:36] [%emt 00:00:10]} b6 {[%clk 01:00:26] [%emt 00:00:49]} Nd2
{[%clk 01:10:10] [%emt 00:08:26]} Re8 {[%clk 00:55:06] [%emt 00:05:20]} Nb3
{[%clk 01:06:06] [%emt 00:04:03]} a5 {[%clk 00:47:18] [%emt 00:07:49]} Rc1
{[%clk 01:02:24] [%emt 00:03:41]} b5 {[%clk 00:37:23] [%emt 00:09:56]} Na1
{[%clk 00:52:20] [%emt 00:10:05]} Ne7 {[%clk 00:29:41] [%emt 00:07:42]} Nc2
{[%clk 00:46:31] [%emt 00:05:48]} Nf5 {[%clk 00:24:43] [%emt 00:04:59]} Qd3
{[%clk 00:46:08] [%emt 00:00:21]} c6 {[%clk 00:14:37] [%emt 00:10:07]} Bf4
{[%clk 00:45:19] [%emt 00:00:49]} g6 {[%clk 00:14:24] [%emt 00:00:14]} Bxe4
{[%clk 00:40:16] [%emt 00:05:03]} dxe4 {[%clk 00:14:22] [%emt 00:00:02]} Rxe4
{[%clk 00:40:15] [%emt 00:00:01]} Qd5 {[%clk 00:14:07] [%emt 00:00:15]} Rce1
{[%clk 00:39:11] [%emt 00:01:04]} Rxe4 {[%clk 00:12:53] [%emt 00:01:14]} Qxe4
{[%clk 00:37:45] [%emt 00:01:26]} Qd7 {[%clk 00:08:13] [%emt 00:04:41]} Be5
{[%clk 00:28:18] [%emt 00:09:26]} Re8 {[%clk 00:07:41] [%emt 00:00:33]} Qf4
{[%clk 00:26:46] [%emt 00:01:31]} Bxe5 {[%clk 00:06:23] [%emt 00:01:19]} Rxe5
{[%clk 00:24:52] [%emt 00:01:53]} Rd8 {[%clk 00:06:22]} Re4 {[%clk 00:23:40]
[%emt 00:01:13]} h5 {[%clk 00:05:10] [%emt 00:01:12]} b3 {[%clk 00:20:15] [%emt
00:03:25]} Re8 {[%clk 00:03:29] [%emt 00:01:41]} Rxe8+ {[%clk 00:19:28] [%emt
00:00:46]} Qxe8 {[%clk 00:03:28] [%emt 00:00:01]} Ne3 {[%clk 00:19:20] [%emt
00:00:07]} Nxe3 {[%clk 00:03:05] [%emt 00:00:24]} fxe3 {[%clk 00:18:12] [%emt
00:01:08]} a4 {[%clk 00:03:04] [%emt 00:00:02]} e4 {[%clk 00:12:50] [%emt
00:05:21]} Qe6 {[%clk 00:01:45] [%emt 00:01:19]} Qf3 {[%clk 00:11:52] [%emt
00:00:58]} a3 {[%clk 00:01:08] [%emt 00:00:38]} Kf2 {[%clk 00:10:59] [%emt
00:00:52]} Qe7 {[%clk 00:00:45] [%emt 00:00:24]} Qe3 {[%clk 00:09:09] [%emt
00:01:49]} Qh4+ {[%clk 00:00:24] [%emt 00:00:22]} Ke2 {[%clk 00:08:55] [%emt
00:00:13]} Qd8 {[%clk 00:00:10] [%emt 00:00:14]} Kd3 {[%clk 00:08:22] [%emt
00:00:33]} Qd7 {[%clk 00:00:06] [%emt 00:00:06]} Kc3 {[%clk 00:38:36] [%emt
00:00:14]}

[Site "Europe Echecs"]

[Event "Tata Steel Masters"]
[Date "2026.01.19"]
[White "Gukesh D"]
[Black "Praggnanandhaa R"]
[WhiteElo "2754"]
[BlackElo "2758"]
[Round "4.4.4"]
[Result "1/2-1/2"]

e4 {[%clk 01:59:56] [%emt 00:00:03]} e6 {[%clk 01:59:21] [%emt 00:00:39]} d3
{[%clk 01:59:50] [%emt 00:00:07]} d5 {[%clk 01:59:11] [%emt 00:00:10]} Qe2
{[%clk 01:59:40] [%emt 00:00:10]} dxe4 {[%clk 01:55:44] [%emt 00:03:26]} dxe4
{[%clk 01:59:34] [%emt 00:00:06]} e5 {[%clk 01:55:29] [%emt 00:00:15]} Nf3
{[%clk 01:49:04] [%emt 00:10:30]} Nc6 {[%clk 01:54:25] [%emt 00:01:04]} c3
{[%clk 01:48:58] [%emt 00:00:06]} a5 {[%clk 01:49:10] [%emt 00:05:15]} Qc2
{[%clk 01:47:33] [%emt 00:01:25]} Bc5 {[%clk 01:45:07] [%emt 00:04:02]} Be2
{[%clk 01:36:49] [%emt 00:10:45]} Nge7 {[%clk 01:35:40] [%emt 00:09:27]} O-O
{[%clk 01:33:25] [%emt 00:03:24]} Ng6 {[%clk 01:35:32] [%emt 00:00:08]} Na3
{[%clk 01:26:04] [%emt 00:07:22]} Bxa3 {[%clk 01:24:59] [%emt 00:10:33]} bxa3
{[%clk 01:25:44] [%emt 00:00:20]} h6 {[%clk 01:23:01] [%emt 00:01:57]} g3 {[%clk
01:17:52] [%emt 00:07:52]} O-O {[%clk 01:18:27] [%emt 00:04:34]} Nd2 {[%clk
01:16:38] [%emt 00:01:14]} b6 {[%clk 01:08:48] [%emt 00:09:39]} a4 {[%clk
01:03:58] [%emt 00:12:40]} Qf6 {[%clk 01:07:45] [%emt 00:01:02]} Rd1 {[%clk
01:02:58] [%emt 00:01:00]} Ba6 {[%clk 01:04:40] [%emt 00:03:06]} Nc4 {[%clk
00:59:45] [%emt 00:03:13]} Rfd8 {[%clk 00:59:21] [%emt 00:05:18]} Ba3 {[%clk
00:59:09] [%emt 00:00:36]} Rxd1+ {[%clk 00:44:26] [%emt 00:14:55]} Rxd1 {[%clk
00:58:58] [%emt 00:00:11]} Rd8 {[%clk 00:44:22] [%emt 00:00:04]} Ne3 {[%clk
00:56:02] [%emt 00:02:57]} Rxd1+ {[%clk 00:41:46] [%emt 00:02:35]} Qxd1 {[%clk
00:47:15] [%emt 00:08:47]} Bxe2 {[%clk 00:41:40] [%emt 00:00:06]} Qxe2 {[%clk
00:47:13] [%emt 00:00:03]} Qd8 {[%clk 00:30:04] [%emt 00:11:36]} Qb5 {[%clk
00:35:16] [%emt 00:11:57]} Na7 {[%clk 00:28:14] [%emt 00:01:49]} Qd5 {[%clk
00:28:45] [%emt 00:06:31]} Qe8 {[%clk 00:28:05] [%emt 00:00:08]} Nf5 {[%clk
00:24:41] [%emt 00:04:04]} Nc8 {[%clk 00:24:46] [%emt 00:03:19]} h4 {[%clk
00:21:51] [%emt 00:02:51]} c5 {[%clk 00:20:51] [%emt 00:03:55]} c4 {[%clk
00:15:24] [%emt 00:06:27]} Nce7 {[%clk 00:15:23] [%emt 00:05:28]} Nxe7+ {[%clk
00:10:49] [%emt 00:04:35]} Qxe7 {[%clk 00:14:12] [%emt 00:01:10]} Bb2 {[%clk
00:09:50] [%emt 00:01:00]} h5 {[%clk 00:13:38] [%emt 00:00:34]} Qd1 {[%clk
00:04:33] [%emt 00:05:16]} Qe6 {[%clk 00:11:18] [%emt 00:02:20]} Qxh5 {[%clk
00:04:17] [%emt 00:00:17]} Qxc4 {[%clk 00:11:12] [%emt 00:00:06]} Qf5 {[%clk
00:04:15] [%emt 00:00:02]} Qxa2 {[%clk 00:09:18] [%emt 00:01:53]} h5 {[%clk
00:03:52] [%emt 00:00:22]} Qxb2 {[%clk 00:05:40] [%emt 00:03:38]} hxg6 {[%clk
00:03:47] [%emt 00:00:06]} Qc1+ {[%clk 00:04:14] [%emt 00:01:26]} Kg2 {[%clk
00:03:46]} fxg6 {[%clk 00:04:10] [%emt 00:00:05]} Qxg6 {[%clk 00:03:28] [%emt
00:00:18]} c4 {[%clk 00:03:47] [%emt 00:00:23]} Qe6+ {[%clk 00:03:10] [%emt
00:00:18]} Kh7 {[%clk 00:03:39] [%emt 00:00:08]} Qf5+ {[%clk 00:02:43] [%emt
00:00:27]} Kg8 {[%clk 00:03:24] [%emt 00:00:14]} Qe6+ {[%clk 00:02:01] [%emt
00:00:42]} Kh7 {[%clk 00:03:21] [%emt 00:00:03]} Qf5+ {[%clk 00:01:57] [%emt
00:00:04]} Kg8 {[%clk 00:03:18] [%emt 00:00:02]} Qe6+ {[%clk 00:32:24] [%emt
00:00:04]} Kh7 {[%clk 00:33:42] [%emt 00:00:06]}

[Site "Europe Echecs"]

[Event "Tata Steel Masters"]
[Date "2026.01.19"]
[White "Giri, Anish"]
[Black "Erigaisi Arjun"]
[WhiteElo "2760"]
[BlackElo "2775"]
[Round "4.4.5"]
[Result "1/2-1/2"]

d4 {[%clk 01:59:57] [%emt 00:00:01]} d5 {[%clk 01:59:41] [%emt 00:00:20]} c4
{[%clk 01:59:50] [%emt 00:00:07]} e6 {[%clk 01:59:36] [%emt 00:00:05]} Nc3
{[%clk 01:59:39] [%emt 00:00:11]} Be7 {[%clk 01:59:30] [%emt 00:00:06]} Nf3
{[%clk 01:58:41] [%emt 00:00:58]} Nf6 {[%clk 01:59:22] [%emt 00:00:08]} g3
{[%clk 01:58:21] [%emt 00:00:20]} Nbd7 {[%clk 01:58:53] [%emt 00:00:29]} Bg2
{[%clk 01:56:40] [%emt 00:01:41]} dxc4 {[%clk 01:58:42] [%emt 00:00:12]} Nd2
{[%clk 01:55:34] [%emt 00:01:05]} Nb6 {[%clk 01:58:17] [%emt 00:00:25]} Nxc4
{[%clk 01:54:40] [%emt 00:00:53]} c5 {[%clk 01:57:47] [%emt 00:00:31]} Nxb6
{[%clk 01:53:01] [%emt 00:01:40]} axb6 {[%clk 01:57:36] [%emt 00:00:11]} dxc5
{[%clk 01:36:52] [%emt 00:16:09]} Qxd1+ {[%clk 01:57:23] [%emt 00:00:12]} Kxd1
{[%clk 01:36:46] [%emt 00:00:05]} Bxc5 {[%clk 01:57:17] [%emt 00:00:07]} e3
{[%clk 01:33:42] [%emt 00:03:04]} e5 {[%clk 01:56:06] [%emt 00:01:11]} Ke2
{[%clk 01:32:27] [%emt 00:01:14]} Ke7 {[%clk 01:51:33] [%emt 00:04:34]} Bd2
{[%clk 01:26:48] [%emt 00:05:40]} Rd8 {[%clk 01:46:09] [%emt 00:05:24]} Rhd1
{[%clk 01:20:48] [%emt 00:06:00]} Bg4+ {[%clk 01:45:13] [%emt 00:00:56]} Bf3
{[%clk 01:20:22] [%emt 00:00:26]} h5 {[%clk 01:44:44] [%emt 00:00:29]} h4 {[%clk
01:12:44] [%emt 00:07:38]} Bb4 {[%clk 01:37:10] [%emt 00:07:35]} Bxg4 {[%clk
01:03:32] [%emt 00:09:12]} hxg4 {[%clk 01:37:01] [%emt 00:00:09]} Nb1 {[%clk
01:03:21] [%emt 00:00:10]} Bxd2 {[%clk 01:35:15] [%emt 00:01:46]} Nxd2 {[%clk
00:59:24] [%emt 00:03:57]} Rdc8 {[%clk 01:34:05] [%emt 00:01:09]} Rdb1 {[%clk
00:46:33] [%emt 00:12:51]} Ke6 {[%clk 01:26:58] [%emt 00:07:07]} a4 {[%clk
00:40:02] [%emt 00:06:32]} Rc2 {[%clk 00:54:24] [%emt 00:32:34]} Kd3 {[%clk
00:34:42] [%emt 00:05:19]} Rac8 {[%clk 00:42:46] [%emt 00:11:38]} e4 {[%clk
00:32:08] [%emt 00:02:34]} R2c6 {[%clk 00:41:48] [%emt 00:00:58]} Ke3 {[%clk
00:27:19] [%emt 00:04:50]} Rd6 {[%clk 00:40:42] [%emt 00:01:07]} Rc1 {[%clk
00:26:55] [%emt 00:00:24]} Rcd8 {[%clk 00:40:35] [%emt 00:00:07]} Rc2 {[%clk
00:26:46] [%emt 00:00:09]} Rd3+ {[%clk 00:40:19] [%emt 00:00:15]} Ke2 {[%clk
00:26:44] [%emt 00:00:02]} R3d4 {[%clk 00:40:11] [%emt 00:00:08]} Ke3 {[%clk
00:26:16] [%emt 00:00:28]} Rb4 {[%clk 00:39:23] [%emt 00:00:48]} b3 {[%clk
00:23:34] [%emt 00:02:42]} Rdd4 {[%clk 00:37:35] [%emt 00:01:48]} Rc4 {[%clk
00:22:16] [%emt 00:01:18]} Rxb3+ {[%clk 00:36:48] [%emt 00:00:48]} Nxb3 {[%clk
00:22:12] [%emt 00:00:04]} Rxc4 {[%clk 00:36:42] [%emt 00:00:05]} Nd2 {[%clk
00:21:51] [%emt 00:00:21]} Rb4 {[%clk 00:30:46] [%emt 00:05:56]} a5 {[%clk
00:20:21] [%emt 00:01:30]} bxa5 {[%clk 00:29:21] [%emt 00:01:25]} Rxa5 {[%clk
00:20:20] [%emt 00:00:01]} g6 {[%clk 00:19:23] [%emt 00:09:58]} Ra8 {[%clk
00:19:46] [%emt 00:00:34]} b5 {[%clk 00:17:48] [%emt 00:01:34]} Ra6+ {[%clk
00:16:52] [%emt 00:02:54]} Ke7 {[%clk 00:17:43] [%emt 00:00:05]} Ra7+ {[%clk
00:15:44] [%emt 00:01:08]} Nd7 {[%clk 00:17:31] [%emt 00:00:11]} f3 {[%clk
00:13:26] [%emt 00:02:18]} gxf3 {[%clk 00:08:55] [%emt 00:08:36]} Nxf3 {[%clk
00:43:24] [%emt 00:00:32]} f6 {[%clk 00:37:24] [%emt 00:02:01]} g4 {[%clk
00:39:43] [%emt 00:04:11]} Kd6 {[%clk 00:34:44] [%emt 00:03:10]} Ra6+ {[%clk
00:33:42] [%emt 00:06:31]} Ke7 {[%clk 00:32:20] [%emt 00:02:54]} Ra7 {[%clk
00:32:24] [%emt 00:01:48]} Ra4 {[%clk 00:27:09] [%emt 00:05:41]} Rb7 {[%clk
00:32:01] [%emt 00:00:52]} Ra5 {[%clk 00:27:17] [%emt 00:00:24]} h5 {[%clk
00:23:31] [%emt 00:09:00]} g5 {[%clk 00:23:49] [%emt 00:03:58]} h6 {[%clk
00:22:27] [%emt 00:01:34]} Ra8 {[%clk 00:23:41] [%emt 00:00:38]} Ng1 {[%clk
00:15:29] [%emt 00:07:28]} Rh8 {[%clk 00:22:48] [%emt 00:01:23]} Ne2 {[%clk
00:15:55] [%emt 00:00:04]} Rxh6 {[%clk 00:21:28] [%emt 00:01:50]} Ng3 {[%clk
00:14:27] [%emt 00:01:58]} Rh2 {[%clk 00:20:52] [%emt 00:01:05]} Rxb5 {[%clk
00:13:13] [%emt 00:01:46]} Rc2 {[%clk 00:20:35] [%emt 00:00:47]} Rb3 {[%clk
00:08:34] [%emt 00:05:08]} Nc5 {[%clk 00:19:14] [%emt 00:01:51]} Ra3 {[%clk
00:08:58] [%emt 00:00:06]} Rc4 {[%clk 00:18:52] [%emt 00:00:52]} Kf3 {[%clk
00:09:04] [%emt 00:00:24]} Ke6 {[%clk 00:18:08] [%emt 00:01:13]} Ra7 {[%clk
00:08:36] [%emt 00:00:58]} Rc3+ {[%clk 00:17:51] [%emt 00:00:47]} Kg2 {[%clk
00:08:52] [%emt 00:00:12]} Re3 {[%clk 00:13:00] [%emt 00:05:22]} Kf2 {[%clk
00:09:12] [%emt 00:00:11]} Rb3 {[%clk 00:13:25] [%emt 00:00:06]} Kg2 {[%clk
00:09:27] [%emt 00:00:15]} Rc3 {[%clk 00:13:35] [%emt 00:00:20]} Rh7 {[%clk
00:09:08] [%emt 00:00:47]} Rc4 {[%clk 00:13:20] [%emt 00:00:46]} Kf3 {[%clk
00:07:10] [%emt 00:02:29]} Nb3 {[%clk 00:13:32] [%emt 00:00:18]} Ke2 {[%clk
00:03:54] [%emt 00:03:44]} Ra4 {[%clk 00:10:05] [%emt 00:03:59]} Rb7 {[%clk
00:03:07] [%emt 00:01:17]} Ra2+ {[%clk 00:08:26] [%emt 00:02:09]} Ke3 {[%clk
00:02:58] [%emt 00:00:38]} Ra3 {[%clk 00:08:31] [%emt 00:00:26]} Kf2 {[%clk
00:02:42] [%emt 00:00:45]} Nd2 {[%clk 00:08:35] [%emt 00:00:26]} Rb6+ {[%clk
00:02:17] [%emt 00:00:55]} Kf7 {[%clk 00:07:19] [%emt 00:01:44]} Rb7+ {[%clk
00:02:20] [%emt 00:00:29]} Ke8 {[%clk 00:07:20] [%emt 00:00:26]} Rb2 {[%clk
00:02:37] [%emt 00:00:15]} Rd3 {[%clk 00:07:29] [%emt 00:00:21]} Ra2 {[%clk
00:01:39] [%emt 00:01:29]} Kd7 {[%clk 00:07:33] [%emt 00:00:25]} Rc2 {[%clk
00:01:49] [%emt 00:00:21]} Ke8 {[%clk 00:06:49] [%emt 00:01:14]} Rc8+ {[%clk
00:01:37] [%emt 00:00:42]} Ke7 {[%clk 00:07:01] [%emt 00:00:17]} Rc2 {[%clk
00:01:28] [%emt 00:00:39]} Kd7 {[%clk 00:07:23] [%emt 00:00:09]} Kg2 {[%clk
00:01:08] [%emt 00:00:51]} Nf3 {[%clk 00:03:58] [%emt 00:03:54]} Ra2 {[%clk
00:01:22] [%emt 00:00:16]} Nh4+ {[%clk 00:02:05] [%emt 00:02:24]} Kh2 {[%clk
00:01:50] [%emt 00:00:02]} Rd6 {[%clk 00:01:59] [%emt 00:00:35]} Nh5 {[%clk
00:01:47] [%emt 00:00:33]} Nf3+ {[%clk 00:01:54] [%emt 00:00:35]} Kg2 {[%clk
00:01:30] [%emt 00:00:46]} Nd2 {[%clk 00:02:16] [%emt 00:00:08]} Nxf6+ {[%clk
00:01:19] [%emt 00:00:42]} Rxf6 {[%clk 00:02:13] [%emt 00:00:33]} Rxd2+ {[%clk
00:01:47] [%emt 00:00:02]} Ke6 {[%clk 00:02:36] [%emt 00:00:06]} Ra2 {[%clk
00:00:41] [%emt 00:01:36]} Rf4 {[%clk 00:03:00] [%emt 00:00:06]} Ra6+ {[%clk
00:01:08] [%emt 00:00:03]} Ke7 {[%clk 00:03:20] [%emt 00:00:10]} Kg3 {[%clk
00:01:24] [%emt 00:00:14]}

[Site "Europe Echecs"]

[Event "Tata Steel Masters"]
[Date "2026.01.19"]
[White "Bluebaum, Matthias"]
[Black "Sindarov, Javokhir"]
[WhiteElo "2679"]
[BlackElo "2726"]
[Round "4.4.7"]
[Result "0-1"]

d4 {[%clk 01:59:56] [%emt 00:00:03]} Nf6 {[%clk 01:59:53] [%emt 00:00:07]} c4
{[%clk 01:59:52] [%emt 00:00:04]} g6 {[%clk 01:59:49] [%emt 00:00:05]} Nc3
{[%clk 01:59:44] [%emt 00:00:08]} Bg7 {[%clk 01:59:43] [%emt 00:00:05]} e4
{[%clk 01:59:36] [%emt 00:00:08]} d6 {[%clk 01:59:39] [%emt 00:00:04]} Nf3
{[%clk 01:59:32] [%emt 00:00:04]} O-O {[%clk 01:59:32] [%emt 00:00:07]} h3
{[%clk 01:59:29] [%emt 00:00:03]} a5 {[%clk 01:53:30] [%emt 00:06:03]} Be3
{[%clk 01:54:44] [%emt 00:04:44]} Na6 {[%clk 01:50:49] [%emt 00:02:41]} Bd3
{[%clk 01:48:32] [%emt 00:06:12]} e5 {[%clk 01:44:18] [%emt 00:06:31]} O-O
{[%clk 01:48:14] [%emt 00:00:17]} exd4 {[%clk 01:30:40] [%emt 00:13:39]} Nxd4
{[%clk 01:46:39] [%emt 00:01:35]} Nc5 {[%clk 01:30:31] [%emt 00:00:09]} Bc2
{[%clk 01:38:49] [%emt 00:07:50]} Re8 {[%clk 01:23:31] [%emt 00:07:01]} f3
{[%clk 01:38:42] [%emt 00:00:06]} c6 {[%clk 01:23:13] [%emt 00:00:18]} Qd2
{[%clk 01:35:37] [%emt 00:03:05]} a4 {[%clk 01:06:33] [%emt 00:16:40]} Rad1
{[%clk 01:24:46] [%emt 00:10:51]} Qa5 {[%clk 01:04:08] [%emt 00:02:25]} Bf4
{[%clk 01:17:49] [%emt 00:06:57]} Ne6 {[%clk 00:56:26] [%emt 00:07:42]} Be3
{[%clk 01:14:37] [%emt 00:03:12]} Nh5 {[%clk 00:39:17] [%emt 00:17:09]} Nxa4
{[%clk 01:02:30] [%emt 00:12:07]} Nxd4 {[%clk 00:35:01] [%emt 00:04:16]} Bxd4
{[%clk 00:57:24] [%emt 00:05:06]} Bxd4+ {[%clk 00:32:43] [%emt 00:02:18]} Qxd4
{[%clk 00:57:22] [%emt 00:00:02]} Qg5 {[%clk 00:32:05] [%emt 00:00:37]} Rd2
{[%clk 00:32:26] [%emt 00:24:58]} Nf4 {[%clk 00:28:23] [%emt 00:03:42]} Kh1
{[%clk 00:30:14] [%emt 00:02:11]} Qh6 {[%clk 00:24:27] [%emt 00:03:56]} Qxd6
{[%clk 00:24:09] [%emt 00:06:06]} Bxh3 {[%clk 00:21:15] [%emt 00:03:11]} gxh3
{[%clk 00:23:58] [%emt 00:00:11]} Re6 {[%clk 00:20:20] [%emt 00:00:55]} Qc5
{[%clk 00:18:58] [%emt 00:05:00]} Nd3 {[%clk 00:13:22] [%emt 00:06:59]} Rxd3
{[%clk 00:18:53] [%emt 00:00:05]} Qxh3+ {[%clk 00:13:07] [%emt 00:00:14]} Kg1
{[%clk 00:18:44] [%emt 00:00:09]} Qg3+ {[%clk 00:13:00] [%emt 00:00:07]} Kh1
{[%clk 00:18:42] [%emt 00:00:02]} g5 {[%clk 00:12:08] [%emt 00:00:52]}

[Site "Europe Echecs"]